000
00301nam a2200133Ia 4500
008
190216s9999||||xx |||||||||||||| ||und||
100
_a
Jack Hine
245
0
_a
Physical Organic Chemistry
250
_a
2nd Ed.
260
_b
Null
_c
1962
300
_a
552
650
_a
Chemistry-Chemistry
942
_c
BK
999
_c
2297
_d
2297